000 00285nam a2200121 a 4500
008 100920s1966|||| d
245 1 0 _aĽudia, roky, život 3
100 1 _aErenburg, Iľja
260 _bTatran
_aBratislava
_c1966
020 _c19,50
044 _axo
_cSK
041 _aslo
999 _c10533
_d10533